000 00594nam a2200229Ia 4500
003 OSt
005 20221006144507.0
006 a|||||r|||| 00| 0
007 ta
008 221006b |||||||| |||| 00| 0 chi d
020 _c3.00
024 _a11,795
037 _cTextual
040 _aEASL
_cEASL
_bchi
041 _2chi
_achi
082 _aV41:192.N6, K1;1
245 0 _aIndia - China border problem
260 _aNew Delhi
_bCongress Party in Parliment
_c1960
300 _a127p.
_ccm.
942 _hV41:192.N6, K1;1
_cTEXL
_2CC
999 _c1079881
_d1079881